Logo BPK

Biblioteka

Politechniki Koszalińskiej

Rosyjsko-polski słownik handlowy / (Rekord nr 34266)

Szczegóły MARC
000 -ETYKIETA REKORDU
podpole kontrolne o stałej długości 00714nam a2200241 i 4500
001 - NUMER KONTROLNY REKORDU
pole kontrolne bg
020 ## - MIĘDZYNARODOWY ZNORMALIZOWANY NUMER KSIĄŻKI - ISBN
ISBN 8301120932
040 ## - ŹRÓDŁO KATALOGOWANIA
Instytucja, która utworzyła rekord BPK
041 0# - KOD JĘZYKA
Kod języka tekstu plru
080 ## - UNIWERSALNA KLASYFIKACJA DZIESIĘTNA - UKD
UKD 339.1(038)=161.1=162.1
920 ## - Międzynarodowy znormalizowany numer książki – ISBN
ISBN 83-01-12093-2
008 - POLE O STAŁEJ DŁUGOŚCI - DANE KONTROLNE
podpole kontrolne o stałej długości s pl f |000 0 pol
100 1# - NAZWA OSOBOWA
Nazwa osobowa JOCHYM-KUSZLIK, Ludwika
Daty związane z nazwą (1953- )
245 10 - TYTUŁ/ODPOWIEDZIALNOŚĆ
Tytuł Rosyjsko-polski słownik handlowy /
Pozostałe elementy strefy tytułu i oznaczenia odpowiedzialności Ludwika Jochym-Kuszlikowa, Elżbieta Kossakowska.
260 ## - STREFA ADRESU WYDAWNICZEGO
Miejsce wydania Warszawa ;
-- Kraków :
Nazwa wydawcy/dystrybutora Wydaw. Naukowe PWN,
Data publikacji, dystrybucji/powstania dokumentu 1996.
300 ## - STREFA OPISU FIZYCZNEGO
Objętość XIII, [1], 652, [4] s. ;
Rozmiary 22 cm.
504 ## - UWAGA DOTYCZĄCA BIBLIOGRAFII
Informacje o bibliografii Bibliogr. s. 650-652.
650 #9 - HASŁO PRZEDMIOTOWE W FORMIE NAZWY OGÓLNEJ LUB JEDNOSTKOWEJ
Nazwa ogólna lub geograficzna Handel
650 #9 - HASŁO PRZEDMIOTOWE W FORMIE NAZWY OGÓLNEJ LUB JEDNOSTKOWEJ
Nazwa ogólna lub geograficzna Słownik rosyjsko-polski
655 ## - TERMIN INDEKSOWY - OKREŚLENIE RODZAJU/FORMY DOKUMENTU
Określenie rodzaju/formy dokumentu Słowniki
700 1# - HASŁO DODATKOWE - NAZWA OSOBOWA
Nazwa osobowa KOSSAKOWSKA, Elżbieta
856 ## - LOKALIZACJA I DOSTĘP DO ELEKTRONICZNYCH DOKUMENTÓW ZDALNYCH
Link (URL) http://koha.tu.koszalin.pl/cgi-bin/koha/opac-detail.pl?biblionumber=34266
Tekst linku Katalog online BPK
942 ## - DODATKOWE ELEMENTY (KOHA)
Typ dokumentu Książka
Egzemplarze
Wycofany Status egzemplarza Uszkodzony Dostępność Lokalizacja stała Lokalizacja bieżąca Miejsce przechowywania Sygnatura Kod kreskowy Dział Typ dokumentu
      Tylko na miejscu Biblioteka Politechniki Koszalińskiej Biblioteka Politechniki Koszalińskiej Czytelnia BG 46970 01380583 339 Handel. Międzynarodowe stosunki gospodarcze Książka
© 2023 Biblioteka Politechniki Koszalińskiej :: KOHA